000 00486nam a2200181Ia 4500
008 090123s9999 xx 000 0 und d
082 _b3528
_a891.463/कदम
100 _aकदम बाबा
245 _aराही
250 _a2
260 _bविद्यार्थी प्रकाशन
_c1973
300 _a120
600 _aकदम बाबा
630 _aराही
700 _aकदम बाबा
730 _aराही
942 _cBOOK
999 _c41608
_d41608